000 01185pab a2200169 454500
008 180718b xxu||||| |||| 00| 0 eng d
100 _aBeaumont Enid
245 _aA difference that is not a difference
362 _a16(8), 93, p.1285-1301
520 _aThis symposium illustrates a serious problem. There has been a great deal of fragmentation in the field of public administration in the last two decades. For three decades, from the 40's through some of the 70's public administration was able to encompass many diverse approaches within its boundaries. However, dissatisfaction with traditional public administration content, methodology, incrementalism, and administrative management that have separated themselves from public administration. The desire for separateness is seen in changed names of academic programs and degrees, different course content and separate professional associations. The symposium was designed to try to stimulate debate and discussion
650 _a Management
650 _a Policy Analysis
650 _a Public Policy -- Education
650 _aPublic Administration
773 _aInternational Journal of Public Administration
909 _a25131
999 _c25131
_d25131